000 00867nam a22002177a 4500
003 OSt
005 20230113111122.0
008 230112b |||||||| |||| 00| 0 eng d
040 _cBiblioteca Lado V
082 _a708
_bR744a
100 _9525
_aRolando, Carlos
_ecoordinador
245 _aARCO 06/
_bFeria Internacional de Arte Contemporáneo | 25 aniversario | IV Foro Internacional de expertos en arte Contemporáneo/
260 _aMadrid, España
_bIFEMA Feria de Madrid
_c2006
300 _a95p.
_c21x16cm
650 _2Tesauro de Arte & Arquitectura
_aARTE
650 _2Tesauro de Arte & Arquitectura
_aARTE CONTEMPORANEO
650 _2Tesauro de Arte & Arquitectura
_aCATALOGO
650 _2Tesauro de Arte & Arquitectura
_aARTE ESPAÑOL
650 _2Tesauro de Arte & Arquitectura
_aFERIA DE ARTE
942 _2ddc
_c1
_h708
_iR744a
_n0
999 _c2770
_d2770